000 00660nam a2200157 a 4500
008 120717s1969 ||||||||||||||||| || u
020 _a041720059
050 _aKJ 44 Jen
100 _aJenks, C. Wilfred (Clarence Wilfred), 1909-1973
245 1 4 _aThe world beyond the charter in historical perspective: a tentative of four stages of world organization
_cby C. Wilfred Jenks
260 _aLondon
_bAllen and Unwin
_c1969
300 _a199p.
500 _aBibliography
650 _aINTERNATIONAL ORGANIZATION
995 _aSPECIAL COLLECTIONS
_e500001
_FCBU-DAG HAMMARSKJOLD INSTITUTE LIBRARY
_jDAG KJ 44 Jen
_M1
_UAVAILABLE
_WAug 20, 2012
_y500001
_ZDHIPS Book Collection
999 _c553
_d553